00930 2200325 4500001002100000005001500021035002000036007000300056008004100059040001700100100002300117245009600140250001000236300003200246504002500278020002200303041000800325082001200333084001800345090002300363260002800386500004600414650001000460700002600470850001000496990002400506990002400530990002300554990002700577INLIS00000000000282620260530114742 a0010-0720000109ta260530 0  aSBPUPADbind0 aMuhammad Amin Suma1 aTafsir Ayat Ekonomi Teks, Terjemah dan Tafsir /cMuhammad Amin Suma; Editor, Achmad Zirzis aCet.1 av,207 hlm. :bilus. ;c23cm aBibliografi, hlm 195 a978-602-8689-84-70 aind a297.273 a297.273 MUH t a297.273 MUH t 3-10 aJakarta :bAmzah,c2013 aProfil Penulis: hlm, 207; Indeks, hlm 199 4aAgama0 aeditor, Achmad Zirzis aPUPAD a22340/KAPD/PDG/2016 a22337/KAPD/PDG/2016 a22.339/B/KAPD/2016 a22.338/KAPD/PDG/2016/B